| 000 | 00851cab a2200181 4500 | ||
|---|---|---|---|
| 001 | ##L131698 | ||
| 008 | 051130n2005 000 0 eng u | ||
| 035 | _a(Sirsi) u131698 | ||
| 041 | 0 | _aeng | |
| 100 | 1 | _aSpooner, Stephen G. | |
| 245 | 0 | 0 | _aPrincipal players |
| 260 | 3 | _c2005 | |
| 490 | 0 |
_aEstates Gazette _v(547) 26 November 2005, 140-141(2) |
|
| 520 | _aConsiders in this "Mainly for students" article the role of Corporate Real Estate (CRE) professionals and focuses on their effective provision and management of office space within a company. Discusses what is required of CRE professionals, their involvement in business planning and procurement and why they matter. Provides a further reading list. | ||
| 590 | _aIKA061205 | ||
| 690 | _aPROPERTY-COMMERCIAL PROPERTY-CORPORATE REAL ESTATE-CORPORATE REAL ESTATE MANAGEMENT | ||
| 942 | _n0 | ||
| 999 |
_c76251 _d76251 |
||